00954nam a2200265Ia 450000500170000000800410001702000190005808200210007710000280009824501350012625000390026130000510030049000190035165000350037065000300040565000270043565000240046265000210048670000250050726400330053233600270056533700330059233800280062504000350065320220317001137.0160825s2008 ck a g 000 0 spa  a9789583010701204a745.1028 bQ83a11 aQuintero Ovalle, Zandra10aAccesorios con chaquiras ; Transformar muebles con pinturacredacción Zandra Quintero Ovalle ; fotografías Jorge H. González a1a. edición b1a. reimpresión  a18 páginas bilustraciones en color c28 cm  aManos maestras142LEMBaDecoración de muebles 142LEMBaTrabajos en madera 142LEMBaArte decorativo 142LEMBaManualidades 142LEMB aCollares 1 aGonzález, Jorge H. aBogotábPanamericanac2008 atextobtxt2rdacontent asin mediaciónbn2rdamedia avolumenbnc2rdacarrier aCO-BoRNBPbspaerdacCO-BoRNBP